<?xml version="1.0" encoding="UTF-8"?>
<marc:record xmlns:marc="http://www.loc.gov/MARC21/slim">
   <marc:leader>00000nam a2200000 a 4500</marc:leader>
   <marc:datafield ind1="1" ind2=" " tag="100">
      <marc:subfield code="a">Rossa, Julia</marc:subfield>
      <marc:subfield code="4">pht</marc:subfield>
      <marc:subfield code="e">Fotograf/-in</marc:subfield>
   </marc:datafield>
   <marc:datafield ind1="1" ind2=" " tag="100">
      <marc:subfield code="a">Rossa, Robert</marc:subfield>
      <marc:subfield code="4">aut</marc:subfield>
      <marc:subfield code="e">Verfasser/-in</marc:subfield>
   </marc:datafield>
   <marc:datafield ind1=" " ind2=" " tag="653">
      <marc:subfield code="a">Aggressivität</marc:subfield>
   </marc:datafield>
   <marc:datafield ind1=" " ind2=" " tag="653">
      <marc:subfield code="a">Fotokarten</marc:subfield>
   </marc:datafield>
   <marc:datafield ind1=" " ind2=" " tag="653">
      <marc:subfield code="a">Grundschule</marc:subfield>
   </marc:datafield>
   <marc:datafield ind1=" " ind2=" " tag="653">
      <marc:subfield code="a">Kamishibai</marc:subfield>
   </marc:datafield>
   <marc:datafield ind1=" " ind2=" " tag="653">
      <marc:subfield code="a">Konfliktlösung</marc:subfield>
   </marc:datafield>
   <marc:datafield ind1=" " ind2=" " tag="653">
      <marc:subfield code="a">Körperverletzung</marc:subfield>
   </marc:datafield>
   <marc:datafield ind1=" " ind2=" " tag="653">
      <marc:subfield code="a">Schulsozialarbeit</marc:subfield>
   </marc:datafield>
   <marc:datafield ind1=" " ind2=" " tag="653">
      <marc:subfield code="a">Sozialkompetenz</marc:subfield>
   </marc:datafield>
   <marc:datafield ind1=" " ind2=" " tag="653">
      <marc:subfield code="a">emotionales Kompetenztraining</marc:subfield>
   </marc:datafield>
   <marc:datafield ind1=" " ind2=" " tag="653">
      <marc:subfield code="a">soziales Kompetenztraining</marc:subfield>
   </marc:datafield>
   <marc:datafield ind1=" " ind2=" " tag="653">
      <marc:subfield code="a">PBS / Pädagogik/Grundschule</marc:subfield>
   </marc:datafield>
   <marc:datafield ind1=" " ind2=" " tag="653">
      <marc:subfield code="a">Bilderbuch</marc:subfield>
   </marc:datafield>
   <marc:datafield ind1="0" ind2="0" tag="245">
      <marc:subfield code="a">Sonst hau ich dir eine rein!</marc:subfield>
   </marc:datafield>
   <marc:datafield ind1="0" ind2="0" tag="245">
      <marc:subfield code="b">Sozialkompetenz und Konfliktlösung in der Grundschule : Bildkarten für unser Erzähltheater</marc:subfield>
   </marc:datafield>
   <marc:datafield ind1="0" ind2="0" tag="245">
      <marc:subfield code="c">Rossa &amp; Rossa ; Fotos: Julia Rossa</marc:subfield>
   </marc:datafield>
   <marc:datafield ind1=" " ind2="1" tag="264">
      <marc:subfield code="a">München</marc:subfield>
      <marc:subfield code="b">Don Bosco</marc:subfield>
   </marc:datafield>
   <marc:datafield ind1="1" ind2=" " tag="490">
      <marc:subfield code="a">Entdecken - Erzählen - Begreifen</marc:subfield>
   </marc:datafield>
   <marc:datafield ind1="1" ind2=" " tag="520">
      <marc:subfield code="a">Angaben aus der Verlagsmeldung

Sonst hau ich dir eine rein! / von Robert Rossa, Julia Rossa

Ein Mädchen holt sich in der Pause ein Spielzeug aus dem Gerätehaus. Da kommt ein Junge mit seinen Freunden hinzu und versucht, sich das Spielzeug anzueignen, indem er das Mädchen beleidigt. Das Mädchen lässt sich davon aber nicht beirren. Es kommt zu einer handfesten Auseinandersetzung, bei der sich einer von den beiden sogar verletzt. Mit dieser DIN-A3-großen Bildfolge setzen sich die Schüler mit "Aggressivität" und "Körperverletzung" auseinander. 12 stabile Fotokarten zur Präsentation an der Tafel oder in unserem Erzähltheater Kamishibai. Mit methodischer Handreichung und Textvorlage. # Information zur Reihe: Fragt man Grundschüler, welche Probleme sie im täglichen Miteinander erleben, dann nennen sie "Streit", "Mobbing", "Ausgrenzung", "Erpressung" und "Zerstörung". Die Fotokarten der Reihe "Sozialkompetenz und Konfliktlösung in der Grundschule" zeigen Schüler, die einen Konflikt szenisch nachstellen, und bieten Lösungsmöglichkeiten an, die im Unterricht durchgespielt, diskutiert und reflektiert werden. So üben die Schüler, Probleme klar zu benennen und entwickeln ein Lösungsrepertoire für reale Situationen.
</marc:subfield>
   </marc:datafield>
   <marc:datafield ind1=" " ind2=" " tag="041">
      <marc:subfield code="a">ger</marc:subfield>
   </marc:datafield>
   <marc:datafield ind1=" " ind2=" " tag="300">
      <marc:subfield code="a">12 ungezählte Blätter</marc:subfield>
   </marc:datafield>
</marc:record>
